LIBRARY & INFORMATION CENTRE, KCAET, TAVANUR

ONLINE PUBLIC ACCESS CATALOGUE (OPAC)

Pesticides,crop protection and environment / (Record no. 10984)

MARC details
000 -LEADER
fixed length control field 00456cam a2200169ua 4500
003 - CONTROL NUMBER IDENTIFIER
control field OSt
008 - FIXED-LENGTH DATA ELEMENTS--GENERAL INFORMATION
fixed length control field 240123b |||||||| |||| 00| 0 eng d
020 ## - INTERNATIONAL STANDARD BOOK NUMBER
ISBN 81 204 1019 X
041 ## - LANGUAGE CODE
Language code of text/sound track or separate title eng
082 ## - DEWEY DECIMAL CLASSIFICATION NUMBER
Classification number 632.95
Item number WAL/PE
100 ## - MAIN ENTRY--AUTHOR NAME
Personal name Walia, S .
245 ## - TITLE STATEMENT
Title Pesticides,crop protection and environment /
260 ## - PUBLICATION, DISTRIBUTION, ETC. (IMPRINT)
Place of publication New Delhi :
Name of publisher Oxford & IBH Publishing company ,
Year of publication 1995.
300 ## - PHYSICAL DESCRIPTION
Number of Pages 600 ; .
700 1# - ADDED ENTRY--PERSONAL NAME
Personal name Parmar, B S .
942 ## - ADDED ENTRY ELEMENTS (KOHA)
Koha item type Books
Holdings
Withdrawn status Lost status Damaged status Home library Current library Shelving location Date acquired Full call number Accession Number Koha item type
      KAUAET KAUAET General Stacks 07/04/2012 632.95 20009 Books
free website counter